| 000 | 00809nas a2200277 i 4500 | ||
|---|---|---|---|
| 001 | 2848 | ||
| 003 | ES-MaACL | ||
| 005 | 20260420150121.0 | ||
| 007 | t| | ||
| 008 | 010522c2000 sp m| | 0 ||pa d | ||
| 022 | _a1577-1970 | ||
| 080 | _a(460) | ||
| 080 | _a05 | ||
| 245 | 0 | 3 |
_aEl Otro país de este mundo _b: revista de información general. |
| 246 | 1 | 3 | _aOtro país, El |
| 260 |
_aMadrid : _bEdiciones Entredichos, _c2000- |
||
| 300 |
_a2 v. ; _c41 cm. |
||
| 310 | _aMensual | ||
| 362 | 0 | _aNº 01 (dic.-en. 2000/1)- | |
| 650 | 1 | 4 |
_aRevistas de información general. _916896 |
| 852 |
_aES-MaACL _dOlim:Hem-2069 _jHEM-H-190 _cHEM _zRevista: Viva _92951 |
||
| 857 | _32000-2008-(2009),2023-2025-2026 | ||
| 942 |
_2udc _cPERIODICA |
||
| 999 |
_c2848 _d2848 |
||